000 00655nam a2200229Ia 4500
003 OSt
005 20221007063301.0
006 a|||||r|||| 00| 0
007 ta
008 221006b |||||||| |||| 00| 0 eng d
024 _a1,455
037 _cReference Collections
040 _aFLL
_cFLL
_beng
041 _2eng
_aeng
082 _aXM55:8, L1;1
100 _aMadon Khorshed D. P.
245 0 _aManagement of corporations
260 _aBombay
_bProgressive Corporation Private Limited India
_c1971
650 _aCompany law
942 _hXM55:8, L1;1
_cREF
_2CC
999 _c1130870
_d1130870